Normal view
MARC view
- Ireland, Patrick john
Entry Personal Name
001 - CONTROL NUMBER
- control field: 87051
003 - CONTROL NUMBER IDENTIFIER
- control field: OSt
005 - DATE AND TIME OF LATEST TRANSACTION
- control field: 20220809075301.0
008 - FIXED-LENGTH DATA ELEMENTS
- fixed length control field: 220809|| aca||aabn | a|a d
040 ## - CATALOGING SOURCE
- Original cataloging agency: OSt
- Transcribing agency: OSt
100 ## - HEADING--PERSONAL NAME
- Personal name: Ireland, Patrick john
670 ## - SOURCE DATA FOUND
- Source citation: Work cat.: (OSt)47801: Ireland, Patrick john, Encyclopedia of fashion details, 1987